|
|
|
|
| LEADER |
01471nam a2200361 a 4500 |
| 001 |
528 |
| 003 |
BD-DhAAL |
| 005 |
20150629120212.0 |
| 008 |
150629m19969999bg b 101 0 eng |
| 010 |
|
|
|a 97906381
|
| 020 |
|
|
|a 9840513729
|
| 020 |
|
|
|a 9789840513727
|
| 040 |
|
|
|a DLC
|c DLC
|d UIU
|d BTCTA
|d NNC
|d BD-DhAAL
|
| 050 |
0 |
0 |
|a HC440.8
|b .D47 1996
|
| 082 |
0 |
4 |
|a 338.95492
|2 21
|
| 245 |
0 |
0 |
|a Development issues of Bangladesh /
|c editors, Ashraf Ali, M. Faizul Islam, Ruhul Kuddus.
|
| 260 |
|
|
|a Dhaka :
|b University Press,
|c 1996-
|
| 300 |
|
|
|a v. ;
|c 22 cm.
|
| 500 |
|
|
|a Editors vary.
|
| 504 |
|
|
|a Includes bibliographical references and index.
|
| 505 |
1 |
|
|a v. 1. [no title] -- v. 2. [no title] -- v. 3. Human development and quality of life.
|
| 520 |
|
|
|a Vol. 1 based on the papers presented at a seminar held on August 12, 1995 at the University of Pittsburgh.
|
| 520 |
|
|
|a Papers presented at a seminar held on August 12, 1995.
|
| 541 |
|
|
|e 528
|
| 650 |
|
0 |
|a Rural development
|z Bangladesh
|v Congresses.
|9 12635
|
| 651 |
|
0 |
|a Bangladesh
|x Economic policy
|v Congresses.
|9 12636
|
| 651 |
|
0 |
|a Bangladesh
|x Social policy
|v Congresses.
|9 12637
|
| 700 |
1 |
|
|a Ali, Ashraf.
|9 12638
|
| 700 |
1 |
|
|a Islam, M. Faizul.
|9 12639
|
| 700 |
1 |
|
|a Kuddus, Ruhul.
|9 12640
|
| 942 |
|
|
|2 ddc
|c BK
|
| 999 |
|
|
|c 34885
|d 34885
|
| 952 |
|
|
|0 0
|1 0
|2 ddc
|4 0
|6 338_954920000000000_DEV
|7 0
|9 54602
|a SCL
|b SCL
|c GEN
|d 2015-06-29
|g 550.00
|l 1
|o 338.95492 DEV
|p 3020000528
|r 2017-07-16
|s 2017-06-06
|t 1
|w 2015-06-29
|y BK
|